000 00441cam a22001217a 4500
008 180718b1969 xxu||||| |||| 00| 0 eng d
082 _aA81x54 In2/61/Vol 5/Pt 6-14
100 _aCensus of India 1961
245 _aGujarat village survey monographs: Abhapu (district Sabar Kantha, Mahal, Vijaynagar)
260 _aDelhi
_bThe Manager of Publications
_c1969
300 _a95+p.
440 _aCensus of India 1961. Volume V, Gujarat. Part VI-No.14
999 _c484105
_d484105